| 000 -LEADER |
| fixed length control field |
00500nam a2200157 i 4500 |
| 040 ## - CATALOGING SOURCE |
| Transcribing agency |
910 NAT 1968 C160 Or. |
| 082 ## - DEWEY DECIMAL CLASSIFICATION NUMBER |
| Classification number |
910 NAT 1968 C160 Or. |
| 245 00 - TITLE STATEMENT |
| Title |
Vanishing peoples of the earth / |
| 260 ## - PUBLICATION, DISTRIBUTION, ETC. (IMPRINT) |
| Place of publication |
Washington, D.C. : |
| Name of publisher |
National Geographic Society, |
| Year of publication |
c1968. |
| 300 ## - PHYSICAL DESCRIPTION |
| Number of Pages |
207 p. : |
| Other physical details |
col. ill., col. maps ; |
| Dimensions |
26 cm. |
| 490 1# - SERIES STATEMENT |
| Series statement |
National Geographic special publications. |
| 500 ## - GENERAL NOTE |
| General note |
Includes index. |
| 650 #0 - SUBJECT ADDED ENTRY--TOPICAL TERM |
| Topical Term |
Ethnology |
| 710 2# - ADDED ENTRY--CORPORATE NAME |
| Corporate name or jurisdiction name as entry element |
National Geographic Society (U.S.). |
| 942 ## - ADDED ENTRY ELEMENTS (KOHA) |
| Koha item type |
ADB |
| 952 ## - LOCATION AND ITEM INFORMATION (KOHA) |
| Withdrawn status [LOCAL, KOHA] |
0 |